000 00568nam a2200229Ia 4500
003 OSt
005 20220918200637.0
006 a|||||r|||| 00| 0
007 ta
008 220917b |||||||| |||| 00| 0 eng d
024 _a89,717
037 _cTextual
040 _aARTS
_cARTS
_beng
041 _2eng
_aeng
082 _aU8:3:N3, G0
100 _aTomlinson H M
245 0 _aForeshore of England or under the red ensign
260 _c1930
650 _aGEOGRAPHY
942 _hU8:3:N3, G0
_cTEXL
_2CC
999 _c213386
_d213386